00373nam a2200157Ia 4500008004100000082000900041100001600050245002600066250000600092260002500098300000800123600001600131630002600147700001600173730002600189090124s9999 xx 000 0 und d b1010 aDAVIES E.N. aMINING AND MINERALES  a1 bPERGAMON PREESc1967 a123 aDAVIES E.N. aMINING AND MINERALES  aDAVIES E.N. aMINING AND MINERALES